| 000 | 00913nam a2200217 a 4500 | ||
|---|---|---|---|
| 008 | 070207s2004 ||||||||||||||||| || u | ||
| 020 | _a0340808608 | ||
| 050 | _aGF 13 Joh. | ||
| 100 | _aJohnson, R.J | ||
| 245 | 1 | 0 | _aGeography and geographers: Anglo-American human geography since 1945 |
| 250 | _a6th ed. | ||
| 260 |
_aLondon _bHodder Arnold _c2004 |
||
| 300 | _axiv , 527p. : ill. | ||
| 350 | _a0.00 | ||
| 650 | _aGEOGRAPHY | ||
| 650 | _aHUMAN GEOGRAPHY--GREAT BRITAIN--HISTORY | ||
| 650 | _aHUMAN GEOGRAPHY--UNITED STATES--HISTORY | ||
| 700 | _aSidaway, J.D | ||
| 995 |
_aMAIN LIBRARY OPEN ACCESS _D0.00 _e737546 _FCBU-MAIN LIBRARY (Kitwe) _H1 _I0.00 _jGF 13 Joh. _M2 _UAVAILABLE _WFeb 7, 2007 _y53058 _ZMain Library Open Access Collection |
||
| 995 |
_aMAIN LIBRARY OPEN ACCESS _D0.00 _e737547 _FCBU-MAIN LIBRARY (Kitwe) _H1 _I0.00 _jGF 13 Joh. _M1 _UAVAILABLE _WFeb 7, 2007 _y53079 _ZMain Library Open Access Collection |
||
| 999 |
_c75855 _d75855 |
||